El seguro
Guardat en:
| Autor principal: | |
|---|---|
| Format: | Llibre |
| Idioma: | espanyol |
| Publicat: |
Santiago
Jurídica de Chile
2001
|
| Edició: | 4a. ed |
| Matèries: | |
| Etiquetes: |
Afegir etiqueta
Sense etiquetes, Sigues el primer a etiquetar aquest registre!
|
MARC
| LEADER | 00000nam a2200000 a 4500 | ||
|---|---|---|---|
| 001 | UCN3060 | ||
| 003 | CL-VaPUC | ||
| 008 | 010615e20010000CL |||||||||||||||||spa|d | ||
| 020 | |a 9561013452 | ||
| 082 | 0 | 4 | |a 346.086 |b BAE |2 21 |
| 100 | 0 | |a Baeza Pinto, Sergio |e author |9 459479 | |
| 245 | 1 | 3 | |a El seguro |
| 250 | |a 4a. ed | ||
| 300 | |a 511 p | ||
| 942 | |c BK | ||
| 945 | |d 20010615 00:00:00 |a vberengu | ||
| 260 | |a Santiago |b Jurídica de Chile |c 2001 | ||
| 500 | |a Edición actualizada por Juan Achurra Larraín y Juan José Vives Rojas | ||
| 650 | 7 | |a SEGUROS LEGISLACION |2 CL-VaPUC |9 255080 | |
| 650 | 0 | |a Ordenamiento jurídico |9 355371 | |
| 650 | 7 | |a COMPAÑIAS DE SEGUROS CHILE |2 CL-VaPUC |9 459480 | |
| 650 | 0 | |a Riesgo |9 256420 | |
| 650 | 7 | |a CONTRATO DE SEGUROS |2 CL-VaPUC |9 399481 | |
| 650 | 7 | |a REASEGUROS |2 CL-VaPUC |9 256433 | |
| 650 | 7 | |a SEGURO MARITIMO |2 CL-VaPUC |9 459481 | |
| 650 | 0 | |a Seguro de vida |9 762928 | |
| 651 | 7 | |a CHILE |2 CL-VaPUC |9 459483 | |
| 583 | |a last modification |c 20010615 00:00:00 |k Rodrigo Vera | ||
| 999 | |c 296071 |d 296069 | ||
| 952 | |0 0 |1 0 |4 0 |6 346_086000000000000_BAE_2001 |7 0 |8 A |9 349631 |a BIBDER |b BIBDER |d 2019-11-20 |i 3731758 |l 1 |o 346.086 BAE 2001 |p 3731758 |r 2024-07-23 |s 2024-07-23 |w 2019-11-20 |y BK |k DER | ||
| 952 | |0 0 |1 0 |4 0 |6 346_086000000000000_BAE_2001 |7 0 |8 A |9 349632 |a BIBDER |b BIBDER |d 2019-11-20 |i 3736857 |o 346.086 BAE 2001 |p 3736857 |r 2023-01-25 |w 2019-11-20 |y BK |k DER | ||
| 952 | |0 0 |1 0 |4 0 |6 346_086000000000000_BAE_2001 |7 0 |8 A |9 349633 |a BIBDER |b BIBDER |d 2019-11-20 |i 4183932 |o 346.086 BAE 2001 |p 4183932 |r 2023-01-25 |w 2019-11-20 |y BK |k DER | ||
| 952 | |0 0 |1 0 |4 0 |6 346_086000000000000_BAE_2001 |7 0 |8 A |9 349634 |a BIBDER |b BIBDER |d 2019-11-20 |i 4183940 |o 346.086 BAE 2001 |p 4183940 |r 2023-01-25 |w 2019-11-20 |y BK |k DER | ||
| 952 | |0 0 |1 0 |4 0 |6 346_086000000000000_BAE_2001 |7 0 |8 A |9 349635 |a BIBDER |b BIBDER |d 2019-11-20 |i 4280229 |o 346.086 BAE 2001 |p 4280229 |r 2023-01-25 |w 2019-11-20 |y BK |k DER | ||
| 952 | |0 0 |1 0 |4 0 |6 346_086000000000000_BAE_2001 |7 0 |8 A |9 349636 |a BIBDER |b BIBDER |d 2019-11-20 |i 4373529 |o 346.086 BAE 2001 |p 4373529 |r 2023-01-25 |w 2019-11-20 |y BK |k DER | ||
| 952 | |0 0 |1 0 |4 0 |6 346_086000000000000_BAE_2001 |7 0 |8 A |9 349637 |a BIBDER |b BIBDER |d 2019-11-20 |i 4508629 |o 346.086 BAE 2001 |p 4508629 |r 2023-01-25 |w 2019-11-20 |y BK |k DER | ||